000 01860nam0a22002891 4500
001 rc\3436034
005 20230905134406.0
021 _aRU
_b[71-70607]
035 _a(NLR Aleph) 007588105
090 _a5581253
_c5581253
100 _a20130115d1971 |||y0rusy50 ca
101 0 _arus
102 _aRU
105 _ay z |||||
200 1 _aГалогенные формации Украины и связанные с ними полезные ископаемые
_e(Тезисы докл. симпозиума). Сент., 1971
_f[Ред. коллегия: ...В.И. Китык (отв. ред.) и др.]
_gАН УССР. Ин-т геологии и геохимии горючих ископаемых. Межвед. комис. по изучению солянокупольных областей и связ. с ними полезных ископаемых. М-во геологии УССР. Укр. науч.-исслед. геол.-развед. ин-т. Львов. геол. экспедиция треста "Киевгеология". М-во высш. и сред. спец. образования СССР. Львов. геол. о-во при Львов. гос. ун-те им. И. Франко
210 _aКиев
_cНаукова думка
_d1971
215 _a258 с.
_d20
606 _aПолезные ископаемые
_yУССР
_jТезисы докладов
_2psbo
606 _aГалогенные формации
_yУССР
_jТезисы докладов
_2psbo
702 1 _aКитык
_bВ. И.
_gВасилий Иванович
_4340
712 0 2 _aИнститут геологии и геохимии горючих ископаемых
_cЛьвов
_3RU\NLR\AUTH\8810004290
_4570
801 0 _aRU
_bNLR
_gpsbo
801 1 _aRU
_bELAR
_2rusmarc
852 _aNLR
_j71-3/6280
942 _cBOOK
980 _aNB